00317nam a2200121Ia 4500008004100000082001000041100003000051245001100081260007300092300000800165630001100173730001100184100204s9999 xx 000 0 und d b18846 aपै शिरिष aसय b"दिलीप प्रकाशन , मुंबई 4"c1996 a176 aसय aसय